header

XIII Congress of the International Organization for Septuagint and Cognate Studies, Ljubljana, 2007 (Record no. 2043)

MARC details
000 -LEADER
fixed length control field 04416nam a22003854a 4500
082 04 - DEWEY DECIMAL CLASSIFICATION NUMBER
Classification number 221.4/8
245 10 - TITLE STATEMENT
Title XIII Congress of the International Organization for Septuagint and Cognate Studies, Ljubljana, 2007
260 ## - PUBLICATION, DISTRIBUTION, ETC. (IMPRINT)
Place of publication Atlanta, Ga :
Name of publisher Society of Biblical Literature,
Year of publication c2008.
300 ## - PHYSICAL DESCRIPTION
Number of Pages xi, 365 p.
490 1# - SERIES STATEMENT
Series statement Society of Biblical Literature. Septuagint and cognate studies ;
700 1# - ADDED ENTRY--PERSONAL NAME
Personal name Peters, Melvin K. H.
856 40 - ELECTRONIC LOCATION AND ACCESS
Uniform Resource Identifier http://site.ebrary.com/lib/rucke/Doc?id=10286060

No items available.

© 2026 Rongo University
Contact us: librarian | system librarian | Rongo university